| 000 | 00835npc a2200229Ia 4500 | ||
|---|---|---|---|
| 001 | dg67-31720 | ||
| 003 | IT-MiCISF | ||
| 005 | 20250218120255.0 | ||
| 008 | 161014s9999||||xx | und|| | ||
| 040 |
_aIT-MiCISF _cIT-MiCISF |
||
| 041 | _ait | ||
| 100 |
_aDamoli Elvio (et al.) _961553 |
||
| 245 | 0 |
_aTratta di esseri umani. _bFame e sete di giustizia, _cConvegno nazionale, Brescia, 8-11 marzo 2000 |
|
| 260 |
_bCaritas Italiana, _c2000, _aRoma, |
||
| 300 | _app. 130 | ||
| 500 | _a/ prostituzione, abuso-sessuale, donna, infanzia, società , prevenzione, politica / | ||
| 650 | _asocietà | ||
| 654 | _asaggio | ||
| 700 |
_aAmbrosini M., Luciano A., Colombo E., Martirani G., Ciotti L., Chiavacci E., _aOperti M., Mioli B., Giulia P., Sorensen A., Van de Kar I., Bank M. _961554 |
||
| 942 |
_cDD _2ddc |
||
| 999 |
_c207264 _d207264 |
||
| 999 | _bsi | ||